000 01254nam a2200313Ia 4500
001 H2472
003 IT-RoPAU
008 130308s9999 xx 000 0 und d
040 _aIT-RoPAU
040 _cIT-RoPAU
041 _aITALIANO
100 _aHibberd Matthew
100 _gCodice Aut. SPICS: 55515
245 _aConfronto internazionale (Il)
245 _bRadio (La). Percorsi e territori di un medium mobile e Interattivo
250 _a1a ed.
260 _aBOLOGNA
260 _bBaskerville
260 _c2002 [1° Ed.:2002 - Ed.Ling.Originale:2002]
300 _a"76 p. (prefazione: no ; testo: 76 [pagine: 429-504])"
500 _aIl Sistema radiofonico in gran Bretagna: Identità e Prossimità di M. Hibberd. La Radio in Germania: Tecnologie, Regolamentazione, Mercati, programmi di H.J. Kleinsteuber. Il programma radiofonico spagnolo nel ventunesimo Secolo di R. Franquet. Storia Sociale della Radio in Svizzera: Risultati e Approccio di T. Maeusli. La Radio in Russia, 1990 2000: Protagonista o Strumento? di L. Trautmann Grishenko.
650 _aTEORICHE RADIOFONICHE
650 _eCodice materia Spics: 6905
700 _aAA.VV.
700 _gCodice Aut. SPICS: 12000
942 _cBK
957 _71
999 _c84340
_d84340
999 _g1